Lí liệu pháp; T1 Tài liệu huấn luyện kĩ thuật viên
Zapisane w:
| 1. autor: | |
|---|---|
| Format: | Książka |
| Język: | Undetermined |
| Wydane: |
Hà Nội
Y học
1979
|
| Hasła przedmiotowe: | |
| Etykiety: |
Dodaj etykietę
Nie ma etykietki, Dołącz pierwszą etykiete!
|
| Thư viện lưu trữ: | Trung tâm Học liệu Trường Đại học Cần Thơ |
|---|
| LEADER | 00573nam a2200193Ia 4500 | ||
|---|---|---|---|
| 001 | CTU_7435 | ||
| 008 | 210402s9999 xx 000 0 und d | ||
| 082 | |a 615.8 | ||
| 082 | |b B450/T1 | ||
| 100 | |a Bộ Y tế | ||
| 245 | 0 | |a Lí liệu pháp; T1 | |
| 245 | 0 | |b Tài liệu huấn luyện kĩ thuật viên | |
| 245 | 0 | |c Bộ Y tế | |
| 260 | |a Hà Nội | ||
| 260 | |b Y học | ||
| 260 | |c 1979 | ||
| 650 | |a physical fitness,therapeutics | ||
| 904 | |i Nguyễn Huỳnh Mai, 960820 | ||
| 980 | |a Trung tâm Học liệu Trường Đại học Cần Thơ | ||